000 00342pab a2200145 454500
008 180718b2005 xxu||||| |||| 00| 0 eng d
100 _aChaudhary, Rajinder
245 _aCapitalism: in search of alternatives
260 _c2005
300 _ap.56-68.
362 _aDec
650 _aCapitalism
773 _aSocial Change
909 _a69177
999 _c69177
_d69177